Statistics for Germany World Cup Squad 2022

Click here to take the quiz!

General Stats

  • This quiz has been taken 9 times
  • The average score is 17 of 26

Answer Stats

Answer% Correct
Gnabry
100%
Kevin Trapp
100%
Kimmich
100%
Manuel Neuer
100%
Marc-Andre Ter Stegen
100%
Sane
100%
Füllkrug
88%
Goretzka
88%
Havertz
88%
Müller
88%
Musiala
75%
Rüdiger
75%
Süle
75%
Brandt
63%
Ginter
63%
Gündogan
63%
Schlotterbeck
63%
Adeyemi
50%
Günter
50%
Kehrer
50%
Raum
38%
Moukoko
25%
Hofmann
13%
Klostermann
13%
Armee Bella Kotchap
0%
Götze
0%

Score Distribution

Percentile by Number Answered

Percent of People with Each Score

Your Score History

You have not taken this quiz